| 000 | 00346nam a2200145Ia 4500 | ||
|---|---|---|---|
| 003 | LK-CoDNM | ||
| 008 | 010623t1918 xxu||||| |||| 00| 1 eng d | ||
| 040 |
_aLK-CoDNM _dLK-CoDNM _eLK-CoDNM |
||
| 041 | _aeng | ||
| 080 |
_a50 _bB32 |
||
| 245 | _aThe Central | ||
| 260 |
_bJaffna Central College _aJaffna _c1918 |
||
| 300 | _b17P., 18 cm | ||
| 942 | _cBK | ||
| 999 |
_c89413 _d89413 |
||